| 000 | 00588nam a22002177a 4500 | ||
|---|---|---|---|
| 003 | UA-OsUOA | ||
| 001 | 76456 | ||
| 007 | ta | ||
| 008 | 20110705b un ||||| |||| 00| 0 ukr d | ||
| 100 | _aМоренець В. | ||
| 090 |
_a82 _bМ79 |
||
| 942 | _cSA | ||
| 040 |
_aUA-OsUOA _bukr _cUA-OsUOA _dUA-OsUOA |
||
| 245 | _aУкраїнський літературний канон: міфи і реальність | ||
| 300 | _aС.38-45 | ||
| 955 | _a0 | ||
| 041 | _aukr | ||
| 080 | _a82 | ||
| 773 | 0 | _w76453 | |
| 650 | 7 |
_a82 Література. Літературознавство _2UDC |
|
| 999 |
_c362761 _d362761 |
||